ბათუმის შოთა რუსთაველის სახელმწიფო უნივერსიტეტის ბიბლიოთეკა

Реликтовые леса Аджарии и их народнохозяйственное значение (ბიბ.ჩანაწერი № 35626)

000 -LEADER
fixed length control field 00526nam a2200181Ia 4500
001 - CONTROL NUMBER
control field 1494
003 - CONTROL NUMBER IDENTIFIER
control field GE_BSU
008 - FIXED-LENGTH DATA ELEMENTS--GENERAL INFORMATION
fixed length control field 181216s||||||||xx |||||||||||||| ||und||
040 ## - CATALOGING SOURCE
Transcribing agency GE_BSU
080 ## - UNIVERSAL DECIMAL CLASSIFICATION NUMBER
Universal Decimal Classification number 630(479.223)
245 ## - TITLE STATEMENT
Title Реликтовые леса Аджарии и их народнохозяйственное значение
260 ## - PUBLICATION, DISTRIBUTION, ETC.
Place of publication, distribution, etc. Тбилиси
260 ## - PUBLICATION, DISTRIBUTION, ETC.
Name of publisher, distributor, etc. Мецниереба
300 ## - PHYSICAL DESCRIPTION
Extent 262 с. 21 см.
653 ## - INDEX TERM--UNCONTROLLED
Uncontrolled term Реликтовые леса Аджарии
942 ## - ADDED ENTRY ELEMENTS (KOHA)
Koha item type წიგნი
ეგზემპლარები
Withdrawn status Lost status Damaged status Not for loan Date acquired Barcode Date last seen Price effective from Koha item type
        2018-12-17 2892 2018-12-17 2018-12-17 წიგნი